Ловец птичьих голосов (Запись № 5092810)

Подробности
000 -МАРКЕР
контрольное поле 01954nam0a22003611 4500
001 - ИДЕНТИФИКАТОР ЗАПИСИ
контрольное поле rc\906439
005 - ИДЕНТИФИКАТОР ВЕРСИИ
контрольное поле 20250622035942.0
035 ## - ДРУГИЕ СИСТЕМНЫЕ НОМЕРА
Идентификатор записи (NLR Aleph) 006081484
100 ## - ДАННЫЕ ОБЩЕЙ ОБРАБОТКИ
Данные общей обработки 20041129d1983 |||y0rusy50 ca
101 0# - ЯЗЫК РЕСУРСА
Язык текста, звукозаписи и т.д. русский
102 ## - СТРАНА ПУБЛИКАЦИИ ИЛИ ПРОИЗВОДСТВА
Страна публикации Российская Федерация
105 ## - ПОЛЕ КОДИРОВАННЫХ ДАННЫХ: ТЕКСТОВЫЕ МАТЕРИАЛЫ, МОНОГРАФИЧЕСКИЕ
Кодированные данные о монографическом текстовом документе a |||||||||
200 1# - ЗАГЛАВИЕ И СВЕДЕНИЯ ОБ ОТВЕТСТВЕННОСТИ
Основное заглавие Ловец птичьих голосов
Сведения, относящиеся к заглавию Рассказы
-- [Пер. с укр.]
Первые сведения об ответственности Петро Федотюк
Последующие сведения об ответственности [Худож. С. Комарова]
210 ## - ПУБЛИКАЦИЯ, РАСПРОСТРАНЕНИЕ И ДР.
Место издания, распространения и т.д. М.
Имя издателя, распространителя и т. д. Мол. гвардия
Дата издания, распространения и т.д. 1983
215 ## - ФИЗИЧЕСКАЯ ХАРАКТЕРИСТИКА
Специфическое обозначение материала и объем 79 с., 1 л. портр.
Другие сведения о физической характеристике ил.
Размеры 16
225 1# - СЕРИЯ
Основное заглавие серии Библиотека журнала ЦК ВЛКСМ "Молодая гвардия"
Обозначение тома 18
300 ## - ОБЩИЕ ПРИМЕЧАНИЯ
Текст примечания В вып. дан. авт.: Петро Кузьмич Федотюк
327 1# - ПРИМЕЧАНИЯ О СОДЕРЖАНИИ
Текст примечания Содерж.: Приснились мне звезды; Тоньше паутинки; Ловец птичьих голосов; Свадебное путешествие без любимой; Дичок; Немудреный мотив; Характер; Ошибиться адресом
464 #0 - АНАЛИТИЧЕСКИЙ УРОВЕНЬ
Встроенное поле 2001#$aПриснились мне звезды
Заглавие Приснились мне звезды
464 #0 - АНАЛИТИЧЕСКИЙ УРОВЕНЬ
Встроенное поле 2001#$aТоньше паутинки
Заглавие Тоньше паутинки
464 #0 - АНАЛИТИЧЕСКИЙ УРОВЕНЬ
Встроенное поле 2001#$aЛовец птичьих голосов
Заглавие Ловец птичьих голосов
464 #0 - АНАЛИТИЧЕСКИЙ УРОВЕНЬ
Встроенное поле 2001#$aСвадебное путешествие без любимой
Заглавие Свадебное путешествие без любимой
464 #0 - АНАЛИТИЧЕСКИЙ УРОВЕНЬ
Встроенное поле 2001#$aДичок
Заглавие Дичок
464 #0 - АНАЛИТИЧЕСКИЙ УРОВЕНЬ
Встроенное поле 2001#$aНемудреный мотив
Заглавие Немудреный мотив
464 #0 - АНАЛИТИЧЕСКИЙ УРОВЕНЬ
Встроенное поле 2001#$aХарактер
Заглавие Характер
464 #0 - АНАЛИТИЧЕСКИЙ УРОВЕНЬ
Встроенное поле 2001#$aОшибиться адресом
Заглавие Ошибиться адресом
700 #1 - ИМЯ ЛИЦА - ПЕРВИЧНАЯ ОТВЕТСТВЕННОСТЬ
Начальный элемент ввода Федотюк
Часть имени, кроме начального элемента ввода П.
Даты 1942-
Расширение инициалов личного имени Петро
801 #0 - ИСТОЧНИК ЗАПИСИ
Страна Российская Федерация
Организация NLR
Правила каталогизации psbo
801 #1 - ИСТОЧНИК ЗАПИСИ
Страна Российская Федерация
Организация ELAR
Источник данных rusmarc
852 ## - МЕСТОНАХОЖДЕНИЕ И ШИФР ХРАНЕНИЯ
Идентификатор организации NLR
Шифр хранения (Call Number) 84-2/715
942 ## - ДОПОЛНИТЕЛЬНЫЕ ЭЛЕМЕНТЫ ЗАПИСИ (АБИС)
Тип экземпляра АБИС Книга
980 ## - КОЛЛЕКЦИЯ
Название коллекции Национальная библиография
Экземпляры
Тип экземпляра Дата поступления Библиотека постоянного хранения Библиотека текущего хранения Место хранения Шифр хранения Штрих-код Статус экземпляра
Книга 26.10.2013 РНБ (Московский) РНБ (Московский) Русский книжный фонд: издания с 1957 года 84-2/715 6081484-10